000 00625nam a2200277Ia 4500
005 20260324141956.0
008 008 260324s9999 xx 000 0 eng d
020 _a9781003071792
037 _aEBOOK
040 _aCRL
040 _beng
040 _cCRL
041 _2eng
041 _aeng
084 _qCRL
100 _aX. H. Cao
_91210217
245 0 _aRings, Groups, and Algebras
260 _bTaylor and Francis
260 _c1996
365 _a
365 _b385
856 _uhttp://www.taylorfrancis.com/books/9781003071792
942 _cEBOOK
999 _c1813890
_d1813890